| Record ID | ia:memoirsofcavalie00defouoft |
| Source | Internet Archive |
| Download MARC XML | https://archive.org/download/memoirsofcavalie00defouoft/memoirsofcavalie00defouoft_marc.xml |
| Download MARC binary | https://www.archive.org/download/memoirsofcavalie00defouoft/memoirsofcavalie00defouoft_meta.mrc |
LEADER: 01040cam 2200277 a 4500
005 19950829101518.5
008 950829s1908 enk 000 1 eng d
035 $a(Sirsi) AWQ-2852
040 $aDLC$cDLC$dDLC$dCaOTU
043 $ae-uk---
045 $au1u4
050 4 $aPR3404$b.M38 1908
082 00 $a823/.5$2 20
090 8 $aPR 3404 .M38 1908$bROBA$c1
100 1 $aDefoe, Daniel,$d1661?-1731.
245 10 $aMemoirs of a cavalier, or, A military journal of the wars in Germany and the wars in England /$cby Daniel Defoe ; introduction by G.A. Aitken.
246 33 $aMilitary journal of the wars in Germany and the wars in England.
260 $aLondon :$bJ.M. Dent ;$aNew York :$bE.P. Dutton,$c1908.
300 $axxx, 307 p. ;$c18 cm.
440 0 $aEveryman's library.
596 $a26
650 0 $aThirty Years' War, 1618-1648$xFiction.
651 0 $aGreat Britain$xHistory$yCivil War, 1642-1649$xFiction.
948 $a08/31/1995$b04/17/1999
039 $fxs/xs(xs)
926 $aROBARTS$bCHECKEDOUT$cPR3404 .M38 1908$dBOOK$e4/1/2007$f1